000
00275 a2200109 4500
001
64522
082
_a
005.133 SCH
090
_c
38150
_d
38150
100
_a
Schildt, Herbert
245
_a
Windows 95 Programming in C and C++
260
_a
Berkely CA
_b
Mc Graw Hill, CA
_c
1995
942
_a
NUST-CAE
_k
005.133 SCH
999
_c
299595
_d
299595